[Event "Goch op 27th"]
[Site "Goch"]
[Date "2016.09.02"]
[Round "3"]
[White "Schulze, Roland"]
[Black "Bieker, Peter"]
[Result "1-0"]
[WhiteElo "1752"]
[BlackElo "1493"]
[PlyCount "67"]
[EventDate "2016.09.01"]
[EventType "swiss"]
[EventRounds "7"]
[EventCountry "GER"]
[SourceTitle "EXT 2018"]
[Source "ChessBase"]
[SourceDate "2017.10.13"]
[SourceVersion "1"]
[SourceVersionDate "2017.10.13"]
[SourceQuality "1"]

1. d4 d5 2. Nf3 e6 3. e3 Nf6 4. Bd3 c5 5. c3 Nc6 6. Nbd2 Bd6 7. Qe2 h6 8. 0-0 0-0 9. dxc5 Bxc5 10. e4 Qc7 11. b3 Ng4 12. Bb2 Nge5 13. Bc2 Bd6 14. Rad1 a5 15. Rfe1 Re8 16. exd5 exd5 17. h3 Bd7 18. Qf1 Na7 19. Nxe5 Bxe5 20. Qd3 g6 21. Rxe5 Rxe5 22. c4 Rg5 23. Qd4 Qe5 24. Qxe5 Rxe5 25. Bxe5 Re8 26. Nf3 Nc6 27. Rxd5 Nb4 28. Rxd7 Nxc2 29. Rxb7 Ne1 30. Rb8 Rxb8 31. Bxb8 Nd3 32. Bc7 Nb4 33. Bxa5 Nxa2 34. Bd2 1-0

[Event "Berlin Eckbauer op 4th"]
[Site "Berlin"]
[Date "2001.11.12"]
[Round "7"]
[White "Nickel, Arno"]
[Black "Schulze, Roland"]
[Result "1-0"]
[WhiteElo "2020"]
[BlackElo "1815"]
[PlyCount "77"]
[EventDate "2001.10.??"]
[EventType "swiss"]
[EventRounds "7"]
[EventCountry "GER"]
[SourceTitle "EXT 2005"]
[Source "ChessBase"]
[SourceDate "2004.11.15"]
[SourceVersion "1"]
[SourceVersionDate "2004.11.15"]
[SourceQuality "1"]

1. d4 d5 2. c4 e6 3. Nc3 Nf6 4. Bg5 Be7 5. e3 0-0 6. cxd5 exd5 7. Bd3 h6 8. Bf4 c6 9. h3 Bd6 10. Qf3 Re8 11. Nge2 Bxf4 12. Nxf4 Nbd7 13. 0-0 Nf8 14. b4 Ne6 15. Nxe6 Bxe6 16. a4 Rc8 17. Rfc1 Qb6 18. Rab1 Qc7 19. Rc2 Qb8 20. Rbc1 Re7 21. b5 Rec7 22. Qf4 b6 23. bxc6 Rxc6 24. Qxb8 Rxb8 25. Nxd5 Bxd5 26. Rxc6 Bxc6 27. Rxc6 Nd5 28. Bc4 Rd8 29. Kf1 Kf8 30. Ke1 Ke7 31. Kd2 Nf6 32. Kd3 Ne8 33. Bb5 Rd6 34. Rc8 Nf6 35. Rc7+ Kf8 36. e4 Rd8 37. Rxa7 Nh5 38. g3 Nf6 39. Rb7 1-0

[Event "Berlin Eckbauer op 4th"]
[Site "Berlin"]
[Date "2001.10.01"]
[Round "1"]
[White "Boewer, Roland"]
[Black "Schulze, Roland"]
[Result "1-0"]
[WhiteElo "2153"]
[BlackElo "1815"]
[PlyCount "57"]
[EventDate "2001.10.??"]
[EventType "swiss"]
[EventRounds "7"]
[EventCountry "GER"]
[SourceTitle "EXT 2005"]
[Source "ChessBase"]
[SourceDate "2004.11.15"]
[SourceVersion "1"]
[SourceVersionDate "2004.11.15"]
[SourceQuality "1"]

1. e4 e6 2. d3 d5 3. Nd2 Bd6 4. Ngf3 Nd7 5. g3 Ne7 6. Bg2 0-0 7. 0-0 c5 8. Re1 Nc6 9. Nf1 d4 10. h4 e5 11. Ng5 b5 12. Nh2 c4 13. f4 Qc7 14. dxc4 bxc4 15. f5 d3 16. c3 Qb6+ 17. Kf1 Nf6 18. Nh3 Rd8 19. Rb1 Ba6 20. Bg5 Be7 21. Bxf6 Bxf6 22. Ng4 Be7 23. Ne3 Bc5 24. Nd5 Qb7 25. Qg4 Bf8 26. Ng5 h6 27. Bf3 hxg5 28. hxg5 g6 29. Nf6+ 1-0